University Home | Library Home | Institutional Repository

Advances in cowpea research / (Record no. 101331)

MARC details
000 -LEADER
fixed length control field 00492cam3a220016900 4500
005 - DATE AND TIME OF LATEST TRANSACTION
control field 20190819100744.0
008 - FIXED-LENGTH DATA ELEMENTS--GENERAL INFORMATION
fixed length control field 040830
020 ## - INTERNATIONAL STANDARD BOOK NUMBER
International Standard Book Number 978131110X
035 ## - SYSTEM CONTROL NUMBER
System control number (Sirsi) a147136
050 #0 - LIBRARY OF CONGRESS CALL NUMBER
Classification number SB351.C75
Item number ADV 1997
245 10 - TITLE STATEMENT
Title Advances in cowpea research /
Statement of responsibility, etc. edited by B. B Singh, eta`l
260 ## - PUBLICATION, DISTRIBUTION, ETC.
Place of publication, distribution, etc. Jicas:
Name of publisher, distributor, etc. Tsukuba,
Date of publication, distribution, etc. 1997.
350 ## - PRICE (NR) (BK AM CF MU VM SE) [OBSOLETE]
Price 50
504 ## - BIBLIOGRAPHY, ETC. NOTE
Bibliography, etc. note Incudes bibliogaphical references
650 #0 - SUBJECT ADDED ENTRY--TOPICAL TERM
Topical term or geographic name entry element Cowpea
Linkage S87311.1
700 00 - ADDED ENTRY--PERSONAL NAME
Personal name Singh, B. B.
Linkage A117894.1

No items available.

© 2026 - The University of Zambia Library - Koha v25.11